|
Meryl Streep, The Deer Hunter | | 99.3% | MERYL STREEP, KRAMER VS. KRAMER | | 99.3% | Meryl Streep, The French Lieutenant's Woman | | 99.3% | MERYL STREEP, SOPHIE'S CHOICE | | 99.3% | Meryl Streep, Silkwood | | 99.3% | Robert De Niro, The Deer Hunter | | 98.9% | ROBERT DE NIRO, RAGING BULL | | 98.9% | DUSTIN HOFFMAN, KRAMER VS. KRAMER | | 98.7% | Dustin Hoffman, Tootsie | | 98.7% | Jack Nicholson, Reds | | 98.4% | JACK NICHOLSON, TERMS OF ENDEARMENT | | 98.4% | DIANE KEATON, ANNIE HALL | | 98% | Diane Keaton, Reds | | 98% | Jane Fonda, Julia | | 97.6% | JANE FONDA, COMING HOME | | 97.6% | Jane Fonda, The China Syndrome | | 97.6% | Jane Fonda, On Golden Pond | | 97.6% | THE DEER HUNTER | | 97.6% | HENRY FONDA, ON GOLDEN POND | | 97.6% | Woody Allen, Annie Hall | | 97.4% | KRAMER VS. KRAMER | | 97.2% | Shirley MacLaine, The Turning Point | | 96.9% | SHIRLEY MACLAINE, TERMS OF ENDEARMENT | | 96.9% | TERMS OF ENDEARMENT | | 96.5% | ANNIE HALL | | 96.5% | Warren Beatty, Heaven Can Wait | | 96.5% | Warren Beatty, Reds | | 96.5% | CHRISTOPHER WALKEN, THE DEER HUNTER | | 96.3% | Reds | | 95.7% | Paul Newman, Absence of Malice | | 95.7% | Paul Newman, The Verdict | | 95.7% | ORDINARY PEOPLE | | 95.6% | Raging Bull | | 95.5% | KATHARINE HEPBURN, ON GOLDEN POND | | 95.5% | BEN KINGSLEY, GANDHI | | 95.3% | F. MURRAY ABRAHAM, AMADEUS | | 95.2% | JON VOIGHT, COMING HOME | | 95% | Robert Duvall, Apocalypse Now | | 94.9% | Robert Duvall, The Great Santini | | 94.9% | ROBERT DUVALL, TENDER MERCIES | | 94.9% | Coming Home | | 94.9% | RICHARD DREYFUSS, THE GOODBYE GIRL | | 94.7% | Jessica Lange, Frances | | 94.7% | JESSICA LANGE, TOOTSIE | | 94.7% | Jessica Lange, Country | | 94.7% | GANDHI | | 94.6% | Tootsie | | 94.6% | AMADEUS | | 94.5% | SALLY FIELD, NORMA RAE | | 94.5% | SALLY FIELD, PLACES IN THE HEART | | 94.5% | On Golden Pond | | 93.9% | Debra Winger, An Officer and a Gentleman | | 93.9% | Debra Winger, Terms of Endearment | | 93.9% | Julia | | 93.8% | Jack Lemmon, The China Syndrome | | 93.8% | Jack Lemmon, Tribute | | 93.8% | Jack Lemmon, Missing | | 93.8% | Star Wars | | 93.8% | Tom Hulce, Amadeus | | 93.7% | TIMOTHY HUTTON, ORDINARY PEOPLE | | 93.6% | Apocalypse Now | | 93.6% | Mary Tyler Moore, Ordinary People | | 93.5% | Dudley Moore, Arthur | | 93.4% | The Goodbye Girl | | 92.2% | The Verdict | | 92.2% | The Turning Point | | 92.1% | CHARIOTS OF FIRE | | 92.1% |
|
|
SISSY SPACEK, COAL MINER'S DAUGHTER | | 92% | Sissy Spacek, Missing | | 92% | Sissy Spacek, The River | | 92% | VANESSA REDGRAVE, JULIA | | 91.7% | Alec Guinness, Star Wars | | 91.4% | Joe Pesci, Raging Bull | | 91.1% | MAGGIE SMITH, CALIFORNIA SUITE | | 91.1% | Heaven Can Wait | | 91% | Vanessa Redgrave, The Bostonians | | 91% | Places in the Heart | | 90.3% | JASON ROBARDS, JULIA | | 90.1% | Jason Robards, Melvin and Howard | | 90.1% | Missing | | 90.1% | Glenn Close, The World According to Garp | | 90% | Glenn Close, The Big Chill | | 90% | Glenn Close, The Natural | | 90% | John Hurt, Midnight Express | | 90% | John Hurt, The Elephant Man | | 90% | Al Pacino, ...And Justice for All | | 89.9% | Tender Mercies | | 89.5% | John Lithgow, The World According to Garp | | 89.3% | John Lithgow, Terms of Endearment | | 89.3% | LOUIS GOSSETT JR., AN OFFICER AND A GENTLEMAN | | 89.1% | Norma Rae | | 89.1% | Judy Davis, A Passage to India | | 89% | Michael Caine, Educating Rita | | 89% | E.T.: The Extra-Terrestrial | | 89% | Coal Miner's Daughter | | 88.7% | Anne Bancroft, The Turning Point | | 88.6% | A Passage to India | | 88.4% | Marsha Mason, The Goodbye Girl | | 87.9% | Marsha Mason, Chapter Two | | 87.9% | Marsha Mason, Only When I Laugh | | 87.9% | James Mason, The Verdict | | 87.9% | Raiders of the Lost Ark | | 87.8% | MELVYN DOUGLAS, BEING THERE | | 87.7% | Jane Alexander, Kramer vs. Kramer | | 87.3% | Jane Alexander, Testament | | 87.3% | Susan Sarandon, Atlantic City | | 87% | The Elephant Man | | 86.9% | Ellen Burstyn, Same Time, Next Year | | 86.6% | Ellen Burstyn, Resurrection | | 86.6% | The Big Chill | | 86.5% | Peter O'Toole, The Stunt Man | | 86.5% | Peter O'Toole, My Favorite Year | | 86.5% | Richard Burton, Equus | | 86.2% | MARY STEENBURGEN, MELVIN AND HOWARD | | 86.1% | Judd Hirsch, Ordinary People | | 86.1% | Albert Finney, The Dresser | | 86.1% | Albert Finney, Under the Volcano | | 86.1% | Bruce Dern, Coming Home | | 85.9% | Atlantic City | | 85.9% | Cher, Silkwood | | 85.9% | The Killing Fields | | 85.8% | All That Jazz | | 85.4% | John Malkovich, Places in the Heart | | 85.3% | HAING S. NGOR, THE KILLING FIELDS | | 85.3% | Midnight Express | | 85.2% | Roy Scheider, All That Jazz | | 85.1% | Burt Lancaster, Atlantic City | | 85.1% | JOHN GIELGUD, ARTHUR | | 84.9% | Maureen Stapleton, Interiors | | 84.6% | MAUREEN STAPLETON, REDS | | 84.6% | The Dresser | | 84.4% | Ian Holm, Chariots of Fire | | 84.3% | Sam Waterston, The Killing Fields | | 84.1% | Geraldine Page, Interiors | | 84.1% |
|
|
Geraldine Page, The Pope of Greenwich Village | | 84.1% | Peter Sellers, Being There | | 83.7% | Teri Garr, Tootsie | | 83.2% | LINDA HUNT, THE YEAR OF LIVING DANGEROUSLY | | 82.9% | Laurence Olivier, The Boys from Brazil | | 82.8% | Justin Henry, Kramer vs. Kramer | | 82.6% | Cathy Moriarty, Raging Bull | | 82.5% | John Travolta, Saturday Night Fever | | 81.8% | Maximilian Schell, Julia | | 81.6% | PEGGY ASHCROFT, A PASSAGE TO INDIA | | 80.4% | Ingrid Bergman, Autumn Sonata | | 80.4% | Jill Clayburgh, An Unmarried Woman | | 80.4% | Jill Clayburgh, Starting Over | | 80.4% | Tom Courtenay, The Dresser | | 80.3% | Marcello Mastroianni, A Special Day | | 80.2% | Julie Walters, Educating Rita | | 80% | Jeff Bridges, Starman | | 79.7% | Tom Conti, Reuben, Reuben | | 79.1% | Quinn Cummings, The Goodbye Girl | | 78.8% | Mikhail Baryshnikov, The Turning Point | | 78.4% | Dyan Cannon, Heaven Can Wait | | 78.4% | Melinda Dillon, Close Encounters of the Third Kind | | 78.4% | Melinda Dillon, Absence of Malice | | 78.4% | Julie Andrews, Victor Victoria | | 78.3% | Candice Bergen, Starting Over | | 78% | Goldie Hawn, Private Benjamin | | 77.9% | Bette Midler, The Rose | | 77.5% | Ralph Richardson, Greystoke: The Legend of Tarzan, Lord of the Apes | | 77.1% | Jack Warden, Heaven Can Wait | | 76.9% | The Right Stuff | | 76.9% | Peter Firth, Equus | | 76.7% | An Unmarried Woman | | 76.5% | Breaking Away | | 76% | Leslie Browne, The Turning Point | | 75.9% | Gary Busey, The Buddy Holly Story | | 74.9% | Sam Shepard, The Right Stuff | | 74.9% | A Soldier's Story | | 74.8% | Charles Durning, The Best Little Whorehouse in Texas | | 74.6% | Charles Durning, To Be or Not to Be | | 74.6% | Tess | | 74.2% | Tuesday Weld, Looking for Mr. Goodbar | | 74.1% | Penelope Milford, Coming Home | | 74.1% | James Coco, Only When I Laugh | | 74% | Lindsay Crouse, Places in the Heart | | 73.6% | Michael O'Keefe, The Great Santini | | 73% | Howard E. Rollins Jr., Ragtime | | 72.9% | Barbara Barrie, Breaking Away | | 72.8% | Adolph Caesar, A Soldier's Story | | 72.8% | Pat Morita, The Karate Kid | | 72.7% | Elizabeth McGovern, Ragtime | | 72.5% | Eileen Brennan, Private Benjamin | | 71.9% | Lesley Ann Warren, Victor Victoria | | 71.4% | Alfre Woodard, Cross Creek | | 71.1% | Robert Preston, Victor Victoria | | 70.9% | Gena Rowlands, Gloria | | 70.5% | Christine Lahti, Swing Shift | | 70% | Mariel Hemingway, Manhattan | | 69.9% | Richard Farnsworth, Comes a Horseman | | 69.9% | Frederic Forrest, The Rose | | 69.8% | Joan Hackett, Only When I Laugh | | 69.1% | Rip Torn, Cross Creek | | 68.6% | Diana Scarwid, Inside Moves | | 67.9% | Kim Stanley, Frances | | 67.8% | Amy Irving, Yentl | | 67.8% | Mickey Rooney, The Black Stallion | | 66.5% | Eva Le Gallienne, Resurrection | | 66.4% |
|
Comments